| Tag |
First Indicator |
Second Indicator |
Subfields |
| LEADER |
00000cam a2200000 a 4500 |
| 001 |
in00001237344 |
| 005 |
20151003062412.0 |
| 008 |
941229r1995 nyu 000 1 eng |
| 010 |
|
|
|a 94049622
|
| 020 |
|
|
|a 0151851980
|
| 035 |
|
|
|a (OCoLC)31865403
|
| 035 |
|
|
|9 AGS7647AM
|
| 040 |
|
|
|a DLC
|c DLC
|d CLE
|d TXA
|d UtOrBLW
|
| 041 |
1 |
|
|a eng
|h por
|
| 049 |
|
|
|a TXAM
|
| 050 |
0 |
0 |
|a PQ9281.A66
|b J313 1995
|
| 082 |
0 |
0 |
|a 869.3/42
|2 20
|
| 100 |
1 |
|
|a Saramago, José.
|
| 240 |
1 |
0 |
|a Jangada de pedra.
|l English
|
| 245 |
1 |
4 |
|a The stone raft /
|c José Saramago ; translated from the Portuguese by Giovanni Pontiero.
|
| 250 |
|
|
|a 1st U.S. ed.
|
| 264 |
|
1 |
|a New York :
|b Harcourt Brace,
|c [1995]
|
| 264 |
|
4 |
|c ©1995
|
| 300 |
|
|
|a 292 pages ;
|c 24 cm.
|
| 336 |
|
|
|a text
|b txt
|2 rdacontent
|
| 337 |
|
|
|a unmediated
|b n
|2 rdamedia
|
| 338 |
|
|
|a volume
|b nc
|2 rdacarrier
|
| 655 |
|
7 |
|a Fantastic fiction.
|
| 700 |
1 |
|
|a Pontiero, Giovanni.
|
| 999 |
|
|
|a MARS
|
| 999 |
f |
f |
|s 08ef8a74-5bbb-3811-b620-91f4fd275400
|i ac7e7847-bb27-3899-9589-a3c2f33a4af6
|t 0
|
| 952 |
f |
f |
|p normal
|a Texas A&M University
|b College Station
|c Sterling C. Evans Library
|d Evans: Library Stacks
|t 0
|e PQ9281.A66 J313 1995
|h Library of Congress classification
|i unmediated -- volume
|m A14819309670
|
| 998 |
f |
f |
|a PQ9281.A66 J313 1995
|t 0
|l Evans: Library Stacks
|